|
|
|
|
| LEADER |
00000nab a2200000 a 4500 |
| 001 |
vtls000593575 |
| 003 |
SK-MaSNL |
| 005 |
20260304095054.0 |
| 008 |
250425c1995 xo 0 slo |
| 015 |
|
|
|a SNBRB19rr/mm-uuuuu
|
| 035 |
|
|
|a CL0593714
|
| 035 |
|
|
|a urn:nbn:sk:snk-abfh4
|
| 035 |
|
|
|a (urnnbn)urn:nbn:sk:snk:ar-0058eb
|
| 035 |
|
|
|a (uuid)f8c7b5ff-1108-4a70-9a47-8b72d4df27d3
|
| 040 |
|
|
|a SNKBUCL
|b slo
|c SNKBUCL
|e AACR2
|
| 041 |
0 |
|
|a slo
|
| 044 |
|
|
|a xo
|c SK
|
| 080 |
|
|
|a 630 62/ 63:340.13:061.3
|2 1981
|
| 080 |
|
|
|a 340.13
|2 1981
|
| 080 |
|
|
|a 630 93
|2 1981
|
| 100 |
1 |
|
|a Haško, Milan
|4 aut
|9 1392003
|
| 245 |
1 |
0 |
|a Nové zákonné úpravy a HÚL
|c Milan Haško
|
| 650 |
0 |
7 |
|a lesy
|2 snkbucl
|9 1437
|
| 655 |
|
7 |
|a články z novín a časopisov
|2 snkbucl
|9 267496
|
| 773 |
0 |
|
|t Lesnícky časopis
|g Roč. 41, č. 5 (1995), s. 369-370
|x 0323-1046
|
| 850 |
|
|
|a Slovenská národná knižnica
|
| 852 |
|
|
|a Slovenská národná knižnica
|
| 954 |
|
|
|a odborná, vedecká literatúra pôvodná (slovenská)
|2 lita
|
| 958 |
|
|
|a article2022
|
| 958 |
|
|
|a OND
|
| 958 |
|
|
|a RK
|
| 958 |
|
|
|a EUIPO
|
| 992 |
|
|
|a RBX
|
| 999 |
|
|
|c 2830560
|d 2832490
|